000 01432cam a22004214a 4500
001 muse78134
003 MdBmJHUP
005 20210127151357.0
006 m o d
007 cr||||||||nn|n
008 790329s1979 mdu o 00 0 eng d
010 _z 79014598
020 _a9781421430249
020 _z0801821991
020 _z9781421431291
035 _a(OCoLC)1117489296
040 _aMdBmJHUP
_cMdBmJHUP
050 0 4 _aPN85
_b.K66
082 0 _a801/.951
100 1 _aKrieger, Murray,
_d1923-
245 1 0 _aPoetic Presence and Illusion
_bEssays in Critical History and Theory /
_cMurray Krieger.
264 1 _bJohns Hopkins University Press,
264 3 _bProject MUSE,
300 _a1 online resource (xviii, 326 p.) :
_bill. ;
504 _aIncludes bibliographical references and index.
506 0 _aOpen Access
_fUnrestricted online access
_2star
588 _aDescription based on print version record.
650 0 _aCriticism.
650 0 _aLiterature
_xHistory and criticism
_xTheory, etc.
655 7 _aElectronic books.
_2local
710 2 _aProject Muse.
_edistributor
830 0 _aBook collections on Project MUSE.
856 4 0 _zFull text available:
_uhttps://muse.jhu.edu/book/67842/
999 _c25570
_d25570